Povolání: daňový poradce. Příprava zákona o daňovém poradenství a České komoře daňových poradců.
V Slovenskej republike bol už prijatý zákon o daňových poradcoch. V ČR poskytujú poradenské služby v oblasti daní rôzne subjekty registrované podľa zákona o súkromnom podnikaní. Potreba zákonnej úpravy i v ČR. Charakteristika pravidiel navrhovaných pre výkon daňového poradenstva týkajúcich sa kvalif...
Saved in:
| Main Author: | |
|---|---|
| Format: | Book Chapter |
| Language: | Czech |
| Subjects: | |
| Tags: |
No Tags, Be the first to tag this record!
|
MARC
| LEADER | 00000naa a2200000 4500 | ||
|---|---|---|---|
| 001 | r008380 | ||
| 005 | 20220831083958.3 | ||
| 041 | 0 | |a cze | |
| 044 | |a [CS] | ||
| 245 | 1 | 0 | |a Povolání: daňový poradce. |b Příprava zákona o daňovém poradenství a České komoře daňových poradců. |c Jindra Potměšilová |
| 520 | |a V Slovenskej republike bol už prijatý zákon o daňových poradcoch. V ČR poskytujú poradenské služby v oblasti daní rôzne subjekty registrované podľa zákona o súkromnom podnikaní. Potreba zákonnej úpravy i v ČR. Charakteristika pravidiel navrhovaných pre výkon daňového poradenstva týkajúcich sa kvalifikačných skúšok, práv a povinností daňových poradcov, porušenia profesnej etiky, zachovania kontinuity daňového poradenstva. | ||
| 610 | 2 | 0 | |a dane |
| 610 | 2 | 0 | |a poradenstvo |
| 610 | 2 | 0 | |a zákony |
| 610 | 2 | 0 | |a Čechy |
| 610 | 2 | 0 | |a Slovensko |
| 100 | 1 | |a Potměšilová, Jindra | |